[Event "Eje Cafetero Region 3rd"]
[Site "Eje Cafetero"]
[Date "2009.03.21"]
[Round "2.28"]
[White "Moreno, Yadir L"]
[Black "Ocampo, Cristian David"]
[Result "0-1"]
[WhiteElo "1600"]
[BlackElo "1612"]
[PlyCount "41"]
[EventDate "2009.03.21"]
[EventType "swiss"]
[EventRounds "7"]
[EventCountry "COL"]
[SourceTitle "EXT 2024"]
[Source "ChessBase"]
[SourceDate "2023.10.10"]
[SourceVersion "1"]
[SourceVersionDate "2023.10.10"]
[SourceQuality "1"]

1. e4 c5 2. Nf3 Nc6 3. Nc3 g6 4. d4 cxd4 5. Nxd4 Bg7 6. Nf3 e6 7. Bg5 Nge7 8. Bb5 0-0 9. 0-0 a6 10. Ba4 b5 11. Bb3 h6 12. Bxe7 Nxe7 13. h3 Bb7 14. a4 Bxc3 15. bxc3 Bxe4 16. Ne5 d6 17. Re1 Bb7 18. c4 dxe5 19. cxb5 Qxd1 20. Raxd1 Bd5 21. a5 0-1